000 00467nam a2200181Ia 4500
003 OSt
005 20251219141928.0
008 210210b1949 xxu||||| |||| 00| 0 eng d
040 _cAL
041 _akan
082 _a859/2285
100 _aHOYISALA
_9158797
_dಹೊಯ್ಸಳ
245 _aHuvina hasige:
_bಹೂವಿನ ಹಾಸಿಗೆ
260 _aMaisuru
_bKavyalaya
_c1949
690 _aKannada Fiction
_9158798
906 _a022999
942 _2ddc
_cBK
999 _c147832
_d147832